00254nam a22001217a 4500003000500000020001800005038000600023082001100029100001700040245002200057260004400079300000900123NUST a9788178846606 aA a302.23 aK. C. Thakur aSports journalism aNew DelhibCybertech publicationsc2010 a224p